Curso elemental de química para el uso de las universidades, colegios y escuelas especiales / (Record no. 163162)

MARC details
000 -LEADER
campo de control de longitud fija 01013nam a22002175i 4500
001 - NÚMERO DE CONTROL
campo de control 163162
003 - IDENTIFICADOR DE NÚMERO DE CONTROL
campo de control ES-MaACL
005 - FECHA Y HORA DE LA ÚLTIMA TRANSACCIÓN
campo de control 20250723094647.0
008 - DATOS DE LONGITUD FIJA--INFORMACIÓN GENERAL
campo de control de longitud fija 950206m18501853fr a |||| | spa d
040 ## - FUENTE DE CATALOGACIÓN
Centro catalogador/agencia de origen CLM
Lengua de catalogación spa
Centro/agencia transcriptor CCPB | PA2
100 1# - ENTRADA PRINCIPAL--NOMBRE DE PERSONA
Nombre de persona Regnault, Valère (
Fechas asociadas al nombre 1810-1878)
9 (RLIN) 131662
245 10 - MENCIÓN DEL TÍTULO
Título Curso elemental de química para el uso de las universidades, colegios y escuelas especiales /
Mención de responsabilidad, etc. escrito en francés por V. Regnault ; traducido de la segunda y última edicion francesa, aumentado y publicado con la anuencia y cooperacion del autor por Gregorio Verdú.
260 ## - PUBLICACIÓN, DISTRIBUCIÓN, ETC.
Lugar de publicación, distribución, etc. Paris :
Nombre del editor, distribuidor, etc. [s.n.],
Fecha de publicación, distribución, etc. 1850-1853 (
Fabricante Imprenta de Crapelet)
300 ## - DESCRIPCIÓN FÍSICA
Extensión 4 v. :
Otras características físicas il. ;
Dimensiones 19 cm.
596 ## - NOTA AL PIE DE IMPRENTA
NOTA AL PIE DE IMPRENTA El t. IV impreso en la Imp. de C. Lahure, antigua casa Crapelet.
597 ## - NOTA DE DESCRIPCIÓN FÍSICA
NOTA DE DESCRIPCIÓN FÍSICA Vol. I (XII, 415 p.) -- vol. II (407 p.) -- vol. III (466 p.) -- vol. IV (541 p.)
650 07 - PUNTO DE ACCESO ADICIONAL DE MATERIA--TÉRMINO DE MATERIA
Término de materia o nombre geográfico como elemento de entrada Química
Fuente del encabezamiento o término embne
9 (RLIN) 16625
700 1# - ENTRADA AGREGADA--NOMBRE PERSONAL
Nombre de persona Verdú, Gregorio.
9 (RLIN) 133636
852 ## - LOCALIZACIÓN
Ubicación ES-MaACL
Número de control de estantería G-9696-99
Nota libre -- Enc. hol.
Holdings
Estatus retirado Estado de pérdida Estado de daño No para préstamo Colección Biblioteca de origen Biblioteca actual Ubicación en estantería Fecha de adquisición Total de préstamos Signatura topográfica completa Código de barras Visto por última vez Precio de reemplazo Tipo de ítem Koha
        Libros del s. XIX Biblioteca del Ateneo de Madrid Biblioteca del Ateneo de Madrid Sala Pecera Planta 3 17/01/2008   G-9696-99 1170975 23/02/2023 23/02/2023 Libro impreso antiguo